| 000 | 00541nam a22001575i 4500 | ||
|---|---|---|---|
| 001 | 171598 | ||
| 003 | ES-MaACL | ||
| 005 | 20230906214655.0 | ||
| 008 | 090521s1875 sp |||| | spa d | ||
| 245 | 0 | 0 |
_aMemoria relativa al consumo de aceite en los faros de las costas de España / _credactada por el Depósito Central. |
| 260 |
_aMadrid : _b[s.n.], _c1875 ( _fImp. de T. Fortanet) |
||
| 300 |
_a138 p. ; _c25 cm. |
||
| 650 | 4 |
_aFaros- _zEspaña. _9155966 |
|
| 710 | 2 |
_aDepósito Central de Faros. _9140274 |
|
| 852 |
_aES-MaACL _jT-204-F-12 |
||
| 999 |
_c171598 _d171598 |
||